000
00462nam a2200145Ia 4500
008
100122s9999 xx 000 0 und d
082
_b
30883
_a
808.6
100
_a
दांडेकर मालती
245
_a
अलका तू असं लिही
260
_b
वरदा बुक्स
_c
1979
300
_a
208
630
_a
अलका तू असं लिही
730
_a
अलका तू असं लिही
942
_c
BOOK
999
_c
415660
_d
415657